Atlas of thyroid surgery / (Record no. 60600)
[ view plain ]
| 000 -الفاتح | |
|---|---|
| حقل البيانات ثابتة الطول | 01908nam a22002417a 4500 |
| 005 - وقت وتاريخ اخر تعامل مع التسجيلة | |
| رقم الضبط | 20240530110418.0 |
| 008 - عناصر البيانات ثابتة الطول - معلومات عامة | |
| حقل البيانات ثابتة الطول | 150309s2008 gw a f b 001 0 eng d |
| 020 ## - الرقم الدولى المعيارى للكتب | |
| الرقم الدولى المعيارى للكتاب | 9783131450319 |
| 040 ## - مصدر الفهرسة | |
| وكالة الفهرسة الأصلية | EG-CaGPL |
| وكالة النسخ | EG-CaGPL |
| 041 ## - رمز اللغة | |
| رمز لغة النص/ المسارات الصوتية أو العنوان الانفرادي | eng |
| رمز لغة الترجمات و/او الاصلية المتوسطة للنص | ger |
| 082 04 - رقم تصنيف ديوى العشرى | |
| رقم الطبعة | 21 |
| رقم التصنيف | 617.539\ |
| رقم المادة | G A |
| 100 1# - المدخل الرئيسى - إسم شخصى | |
| الإسم الشخصى | Gemsenjager, Ernst |
| 245 10 - بيان العنوان | |
| العنوان | Atlas of thyroid surgery / |
| بيان المسئوليه,etc | Ernst Gemsenjaeger |
| 260 ## - PUBLICATION, DISTRIBUTION, ETC. (IMPRINT) | |
| تاريخ النشر أو التوزيع | 2009 |
| 300 ## - الوصف المادى | |
| التعداد | 180 p. : |
| تفاصيل ماديه اخرى للوعاء | ill. ; |
| أبعاد الوعاء | 28 cm. |
| 504 ## - تبصرة ببليوجرافية | |
| تبصرة ببليوجرافية,الخ | Includes bibliographical references and index. |
| 650 #0 - المدخل الاضافى بالموضوع-مصطلح موضوعى | |
| مصطلح موضوعي | Endocrine Surgical Procedures |
| التقسيم الفرعي العام | methods |
| التقسيم الفرعي الشكلي | Atlases. |
| 650 #0 - المدخل الاضافى بالموضوع-مصطلح موضوعى | |
| مصطلح موضوعي | Thyroid Gland |
| التقسيم الفرعي العام | methods |
| التقسيم الفرعي الشكلي | Atlases. |
| 650 #0 - المدخل الاضافى بالموضوع-مصطلح موضوعى | |
| مصطلح موضوعي | Thyroid gland |
| التقسيم الفرعي العام | Surgery |
| التقسيم الفرعي الشكلي | Atlases. |
| 942 ## - عناصر المدخل الإضافي( كوها) | |
| مصدر التصنيف او مخطط الترفيف | Dewey Decimal Classification |
| Koha [default] item type | كتاب |
| 260 ## - PUBLICATION, DISTRIBUTION, ETC. (IMPRINT) | |
| -- | New York : |
| -- | Thieme, |
| 505 ## - تبصرة محتويات-الفهرس | |
| تبصرة المحتويات المصاغة | Notes on positioning the patient -- Basic surgical anatomy -- Incisions; thyroid exposure -- Capsular dissection -- Thyroid hilus : suspensory ligament of Berry ; inferior (recurrent) laryngeal nerve ; parathyroids ; posterior thyroid process (tubercle of Zuckerkandl) -- Further case records with demonstrations of the technique of capsular dissection -- Basic remarks -- Proliferation, clonality, and autonomy of thyroid lesions -- Molecular genetic diagnosis. Gene profiling -- Follicular neoplasia -- Thyroid nodules in surgical practice. Strategy of adequate excision -- Case records : hyperplastic and neoplastic nodules ; functional autonomy ; follicular thyroid carcinoma (FTC) -- Embryological thyroid development and developmental anomalies : clinical aspects -- Total thyroidectomy for benign nodular goiter -- Long-standing solitary nodule -- Further clinical considerations -- Nodules in graves disease -- Nodules in chronic autoimmune thyroiditis (Hashimoto thyroiditis, Hashimoto disease, lymphocytic thyroiditis) -- Papillary thyroid carcinoma -- Anaplastic (undifferentiated) thyroid carcinoma -- Medullary thyroid carcinoma (C-cell carcinoma) -- Concluding remarks. |
| حالة التراجع | حالة الفقد | مصدر التصنيف او خطة الترفيف | حالة تلف | ليس للاعارة | المكان المؤقت | الموقع الحالى | تاريخ الاكتساب | اجمالي اﻻعارات | رقم الطلب | الباركود | تاريخ اخر مشاهدة | تاريخ تفعيل السعر | نوع وعاء كوها |
|---|---|---|---|---|---|---|---|---|---|---|---|---|---|
| ddc | مكتبة القاهرة الكبرى | مكتبة القاهرة الكبرى | 03/09/2015 | 617.539\ G A | 159698 | 03/09/2015 | 03/09/2015 | كتاب |

